Carta acerca del origen de la imagen de Nuestra Señora de Guadalupe de México / (Record no. 68410)

MARC details
000 -LEADER
campo de control de longitud fija 00686nam a22001815i 4500
001 - NÚMERO DE CONTROL
campo de control 68410
003 - IDENTIFICADOR DE NÚMERO DE CONTROL
campo de control ES-MaACL
005 - FECHA Y HORA DE LA ÚLTIMA TRANSACCIÓN
campo de control 20230906170258.0
007 - CAMPO FIJO DE DESCRIPCIÓN FÍSICA--INFORMACIÓN GENERAL
campo de control de longitud fija t|
008 - DATOS DE LONGITUD FIJA--INFORMACIÓN GENERAL
campo de control de longitud fija 960805s1896 mx ||||1| spa d
040 ## - FUENTE DE CATALOGACIÓN
Centro catalogador/agencia de origen CAM
Lengua de catalogación spa
Centro/agencia transcriptor CAM
100 1# - ENTRADA PRINCIPAL--NOMBRE DE PERSONA
Nombre de persona García Icazbalceta, Joaquín (
Fechas asociadas al nombre 1825-1894)
9 (RLIN) 54786
245 10 - MENCIÓN DEL TÍTULO
Título Carta acerca del origen de la imagen de Nuestra Señora de Guadalupe de México /
Mención de responsabilidad, etc. escrita por Joaquín García Icazbalceta al ... Arzobispo Pelagio Antonio de Labastida y Dávalos.
260 ## - PUBLICACIÓN, DISTRIBUCIÓN, ETC.
Lugar de publicación, distribución, etc. México :
Nombre del editor, distribuidor, etc. [s.n.],
Fecha de publicación, distribución, etc. 1896.
300 ## - DESCRIPCIÓN FÍSICA
Extensión 42, [1] p. ;
Dimensiones 24 cm.
650 #4 - PUNTO DE ACCESO ADICIONAL DE MATERIA--TÉRMINO DE MATERIA
Término de materia o nombre geográfico como elemento de entrada Virgen de Guadalupe-
Subdivisión general Apariciones y milagros-
Subdivisión geográfica México.
9 (RLIN) 158205
852 ## - LOCALIZACIÓN
Ubicación ES-MaACL
Número de control de estantería 1571-F-5
Holdings
Estatus retirado Estado de pérdida Estado de daño No para préstamo Colección Biblioteca de origen Biblioteca actual Ubicación en estantería Fecha de adquisición Fuente de adquisición Total de préstamos Signatura topográfica completa Código de barras Visto por última vez Precio de reemplazo Tipo de ítem Koha
        Colección de folletos Biblioteca del Ateneo de Madrid Biblioteca del Ateneo de Madrid Depósito folletos 17/01/2008     1571-F-5 1071611 23/02/2023 23/02/2023 Folleto